000 00478nam a2200217Ia 4500
005 20250425162203.0
008 250425s9999 xx 000 0 und d
020 _a8480552107
041 _aspa
043 _asp
082 _a463
110 _aCULTURAL
245 0 _aDICCIONARIO ENCICLOPEDICO UNIVERSAL
250 _a1A ED.
260 _aEspaƱa
_bCULTURAL
_c2001
260 _aMADRID
300 _a904
650 _aDICCIONARIOS
942 _c01
010 _a54844
999 _c224083
_d224083